Damming Grand Canyon (Record no. 353052)
[ view plain ]
| 000 -LEADER | |
|---|---|
| fixed length control field | 00701nam a2200133Ia 4500 |
| 008 - FIXED-LENGTH DATA ELEMENTS--GENERAL INFORMATION | |
| fixed length control field | 171212s9999 xx 000 0 und d |
| 020 ## - INTERNATIONAL STANDARD BOOK NUMBER | |
| International Standard Book Number | 9780874216608 |
| 100 ## - MAIN ENTRY--PERSONAL NAME | |
| Personal name | Boyer, Diane E;Webb, Robert H. |
| 245 ## - TITLE STATEMENT | |
| Statement of responsibility, etc | Boyer, Diane E;Webb, Robert H. |
| Title | Damming Grand Canyon |
| Remainder of title | The 1923 USGS Colorado River Expedition |
| 260 ## - PUBLICATION, DISTRIBUTION, ETC. (IMPRINT) | |
| Name of publisher, distributor, etc | University Press of Colorado |
| Date of publication, distribution, etc | 2007 |
| 650 ## - SUBJECT ADDED ENTRY--TOPICAL TERM | |
| Topical term or geographic name as entry element | Grand Canyon (Ariz.) -- Description and travel; Colorado River (Colo.-Mexico) -- Description and travel; Geological Survey (U.S.) -- History -- 20th century; Geological Survey (U.S.) -- Biography; River surveys -- Colorado River (Colo.-Mexico) -- History |
| 650 ## - SUBJECT ADDED ENTRY--TOPICAL TERM | |
| Topical term or geographic name as entry element | History |
| 856 ## - ELECTRONIC LOCATION AND ACCESS | |
| Uniform Resource Identifier | <a href="www.jstor.org/stable/10.2307/j.ctt4cgqhx">www.jstor.org/stable/10.2307/j.ctt4cgqhx</a> |
| Withdrawn status | Lost status | Damaged status | Home library | Current library | Date acquired | Total Checkouts | Full call number | Date last seen | Price effective from | Koha item type |
|---|---|---|---|---|---|---|---|---|---|---|
| College Library | College Library | 12/12/2017 | F788.B69 2007 | 12/12/2017 | 12/12/2017 | Curriculum - Based eBooks |